000 00535nam a22001697a 4500
003 OSt
005 20260310105258.0
008 260310b |||||||| |||| 00| 0 eng d
040 _cMRSPTU
041 _aEnglish
100 _aShubhpreet Singh, Supervisor: Darshan Singh Sidhu
245 _aDynamic Power Factor Correction in a non-Linear Environment
260 _bDepartment of EE, MRSPTU, Bathinda
_c2015
650 _aElectrical Engineering
856 _uhttp://163.47.215.52:8080/jspui/handle/123456789/1167
942 _2ddc
_cTH
_n0
999 _c11099
_d11099